000 00605nam a2200193Ia 4500
003 GCL
008 140319s9999 xx 000 0 ara d
040 _aGCL /
_cGCL
082 0 4 _a299.6
_bع ص
100 1 _aعكاشة عبدالمنان الطيبى
245 1 0 _aالصحيح المسند فى الامثال والحكم /
_cعكاشة عبدالمنان الطيبى
260 _a[S.N] :
_bمكتبة التراث الاسلامى ،
_c1989
300 _a114 ص
490 _a
650 0 4 _aالامثال العربية
650 0 4 _aامثال
650 0 4 _aالقران
942 _2ddc
_cBK
999 _c53932
_d53932